000 02933ngm a2200433 4500
003 dpl
005 20100313102949.0
007 DVD
008 ||||||sp199 xxu|||||c ||| 00| 0 ng d
010 _aDVD-006498-6506
024 _c99.00
035 _aDVD-006498-6506
040 _aDPL
_cDPL
082 _aDVD TRAI
245 _aTrain To Pakistan
_cPamela Books Presents
_h[videorecording] DVD/
260 _bEagle Home Entertainment
300 _a1 videodisc DVD;
_bsd., col. ;
_c4 3/4 in.
_fDVD
440 _aEagle Video Home Entertainment
500 _aBased on the Novel By Khushwant Singh
500 _a1947 A Country is Divided....A Ghost Train The Last Link
500 _aNomination: Best Film of the Year 1999
538 _aDolby Digital 5.1 - Hindi Subtitles: English
650 _aMotion Picture
700 _aRooks, Pamela
700 _aPandey, Nirmal.
700 _aKapor, Rajat
700 _aDutta, Divya
942 _cCF
_2ddc
_hDVD
_mTRAI
999 _c34632
_d34632